000
00284 a2200109 4500
001
51264
040
_c
Anchieta - Pituba
240
1
0
_a
Festival Artístico de Redação 2015
_l
245
1
0
_a
Festival Artístico de Redação 2015
650
4
_a
Línguas espanhola e portuguesa
942
_c
MX
999
_c
51264
_d
51264